|
|
|
|
| LEADER |
00000nab a2200000 a 4500 |
| 001 |
vtls008662284 |
| 003 |
SK-MaSNL |
| 005 |
20260304140114.0 |
| 008 |
250505c2005 xo |||| | b 000 b|slo |
| 015 |
|
|
|a SNBRB2006/04
|2 snkbucl
|
| 035 |
|
|
|a (uuid)58fa36aa-dc49-46bf-bf48-8fad4d3df2e9
|
| 035 |
|
|
|a urn:nbn:sk:snk-abwwr
|
| 035 |
|
|
|a (urnnbn)urn:nbn:sk:snk:ar-a0505k
|
| 038 |
|
|
|a SNKBUCL
|
| 040 |
|
|
|a SNKBUCL
|b slo
|c SNKBUCL
|e AACR2
|
| 041 |
0 |
|
|a slo
|
| 044 |
|
|
|a xo
|c SK
|
| 080 |
|
|
|a 372.881.116.24
|2 1997
|
| 080 |
|
|
|a 371.311:811.162.4
|2 1997
|
| 080 |
|
|
|a 81`243:37
|2 1997
|
| 080 |
|
|
|a 811.162.4:37
|2 1997
|
| 080 |
|
|
|a 371.311:81`243
|2 1997
|
| 100 |
1 |
|
|a Balková, Danuša,
|d 1949-
|4 aut
|9 222175
|
| 245 |
1 |
0 |
|a Vyučovanie slovenčiny ako cudzieho jazyka
|c Danuša Balková
|
| 650 |
0 |
7 |
|a slovenčina
|2 snkbucl
|9 1350
|
| 650 |
0 |
7 |
|a cudzie jazyky
|2 snkbucl
|9 69722
|
| 650 |
0 |
7 |
|a vyučovanie jazykov
|2 snkbucl
|9 31418
|
| 773 |
0 |
|
|t Slovenský jazyk a literatúra v škole
|g Roč. 52, č. 3-4 (2005/2006), s. 127-128
|x 1335-2040
|
| 850 |
|
|
|a Slovenská národná knižnica
|
| 852 |
|
|
|a Slovenská národná knižnica
|
| 954 |
|
|
|a odborná, vedecká literatúra pôvodná (slovenská)
|2 lita
|
| 958 |
|
|
|a article27
|
| 958 |
|
|
|a OND
|
| 958 |
|
|
|a EUIPO
|
| 999 |
|
|
|c 2913652
|d 2915582
|